Khoa học pháp lý

Guardat en:
Dades bibliogràfiques
Format: Llibre
Idioma:Undetermined
Publicat: Thành phố Hồ Chí Minh Trường Đại học Luật thành phố Hồ Chí Minh 2019
Matèries:
Etiquetes: Afegir etiqueta
Sense etiquetes, Sigues el primer a etiquetar aquest registre!
Thư viện lưu trữ: Trung tâm Học liệu Trường Đại học Cần Thơ
LEADER 00611nam a2200181Ia 4500
001 CTU_233621
008 210402s9999 xx 000 0 und d
020 |c 21000 
082 |a 340 
082 |b Kh401 
245 0 |a Khoa học pháp lý 
245 0 |c Trường Đại học Luật thành phố Hồ Chí Minh 
260 |a Thành phố Hồ Chí Minh 
260 |b Trường Đại học Luật thành phố Hồ Chí Minh 
260 |c 2019 
650 |a Legal research,Nghiên cứu pháp lý 
904 |i Trang 
980 |a Trung tâm Học liệu Trường Đại học Cần Thơ